000 01153cgm a2200277 4500
001 M94630
008 090401t1996 xxu||||| |||| 00| 0 eng d
035 _a(Sirsi) u89253
041 _aeng
050 _a657.95
100 _aSmee, Richard
245 _aContent and interpretation of company accounts : a CPD study pack.
250 _a3rd ed.
260 _aReading
_bCollege of Estate Management
_c1996
300 _av, 50p.
_c30cm + 1 audio cassette (ca. 60 min) and model report and accounts (67p. ; 30cm)
350 _a42.5
490 _aCollege of Estate Management CPD Study Pack
520 _aStudy pack produced with financial support from the Royal Institution of Chartered Surveyors and the Harold Samuel Educational Trust. Accompanied by Owlion Audio Tape entitled "Understanding company accounts" which also available to borrow seperately.
520 _aSuperseded by 2001 edition (ISBN 1899769293). Supersedes 1992 edition (ISBN 0947763627).
650 _aACCOUNTANCY
650 _aCOMPANY ACCOUNTS
690 _aFINANCE AND INVESTMENT
710 _aCollege of Estate Management
_9400
942 _n0
948 _c23/10/1998
999 _c85375
_d85375